Courthouses of North Carolina - Statistics

General Stats
  • This quiz has been taken 4 times
  • The average score is 57 of 100
Answer Stats
Picture Answer % Correct
Montgomery
100%
Alamance
67%
Alexander
67%
Anson
67%
Avery
67%
Bertie
67%
Bladen
67%
Buncombe
67%
Burke
67%
Cabarrus
67%
Caldwell
67%
Camden
67%
Caswell
67%
Chatham
67%
Cherokee
67%
Chowan
67%
Cleveland
67%
Craven
67%
Dare
67%
Davidson
67%
Davie
67%
Duplin
67%
Durham
67%
Forsyth
67%
Franklin
67%
Gaston
67%
Gates
67%
Graham
67%
Granville
67%
Guilford
67%
Halifax
67%
Harnett
67%
Hertford
67%
Hoke
67%
Iredell
67%
Jackson
67%
Lee
67%
Madison
67%
Mecklenburg
67%
Nash
67%
New Hanover
67%
Northampton
67%
Orange
67%
Pasquotank
67%
Pender
67%
Perquimans
67%
Person
67%
Pitt
67%
Randolph
67%
Richmond
67%
Robeson
67%
Rockingham
67%
Rowan
67%
Sampson
67%
Scotland
67%
Stanly
67%
Stokes
67%
Surry
67%
Swain
67%
Tyrrell
67%
Union
67%
Vance
67%
Wake
67%
Warren
67%
Watauga
67%
Wayne
67%
Wilkes
67%
Wilson
67%
Yadkin
67%
Alleghany
33%
Ashe
33%
Beaufort
33%
Brunswick
33%
Carteret
33%
Catawba
33%
Clay
33%
Columbus
33%
Cumberland
33%
Currituck
33%
Edgecombe
33%
Greene
33%
Haywood
33%
Henderson
33%
Hyde
33%
Johnston
33%
Jones
33%
Lenoir
33%
Lincoln
33%
Macon
33%
Martin
33%
McDowell
33%
Mitchell
33%
Moore
33%
Onslow
33%
Pamlico
33%
Polk
33%
Rutherford
33%
Transylvania
33%
Washington
33%
Yancey
33%
No matching quizzes found
Score Distribution
Percent of People with Each Score
Percentile by Number Answered
Your Score History
You have not taken this quiz